| Tag |
First Indicator |
Second Indicator |
Subfields |
| LEADER |
00000cam a2200000 a 4500 |
| 001 |
in00000090755 |
| 005 |
20150923131058.0 |
| 008 |
810224s1980 iaua b 00100 eng d |
| 020 |
|
|
|a 0840321929
|
| 035 |
|
|
|a (OCoLC)07152317
|
| 035 |
|
|
|9 AAK6594AM
|
| 040 |
|
|
|a TMA
|c TMA
|d TXA
|d UtOrBLW
|
| 043 |
|
|
|a n-us---
|
| 049 |
|
|
|a TXAM
|c [1806053]
|
| 090 |
|
|
|a LB1570
|b C8928
|
| 245 |
0 |
0 |
|a Curriculum for better schools /
|c Arthur E. Garner[and others].
|
| 264 |
|
1 |
|a Dubuque, Iowa :
|b Kendall/Hunt,
|c [1980]
|
| 264 |
|
4 |
|c ©1980
|
| 300 |
|
|
|a vii, 358 pages :
|b illustrations ;
|c 23 cm.
|
| 336 |
|
|
|a text
|b txt
|2 rdacontent
|
| 337 |
|
|
|a unmediated
|b n
|2 rdamedia
|
| 338 |
|
|
|a volume
|b nc
|2 rdacarrier
|
| 504 |
|
|
|a Includes bibliographical references and index.
|
| 650 |
|
0 |
|a Education
|x Curricula
|z United States.
|
| 700 |
1 |
|
|a Garner, Arthur E.
|
| 999 |
|
|
|a MARS
|
| 999 |
f |
f |
|s e0942095-74a4-30c7-8bf6-23391c7187d6
|i 780494bb-5220-36e2-94ea-94456b401f62
|t 0
|
| 952 |
f |
f |
|p normal
|a Texas A&M University
|b College Station
|c Sterling C. Evans Library
|d Evans: Library Stacks
|t 0
|e LB1570 C8928
|h Library of Congress classification
|i unmediated -- volume
|m A14805996368
|
| 998 |
f |
f |
|a LB1570 C8928
|t 0
|l Evans: Library Stacks
|